000 02976nam a22004337a 4500
003 dpl
005 2010032200170.0
007 DVD
008 050907s2005 cau105 g 00| 0 eng d
010 _aDVD-007193-7201
024 _c69.00
035 _aDVD-007193-7201
040 _aDPL
_cDPL
092 _aDVD HUMA
245 _aHuman Nature
_h[videorecording] DVD /
_cDiskovery Video & laser Co. Pvt. Ltd. Presents
260 _bDiskovery Video
300 _a2 videocassette (VCD);
_bsd., col. ;
_c4-3/4 in.
_fVCD
440 _aDiskovery Video
500 _aWorld wide Winner - 2 Awards: Best Producer, Best Screenplay
538 _aDolby digital 5.1, English
538 _aThis is a Videio CD with digital audio, full Motion video and Play Back Controls Suitable for Video CD, LD, DVD Player and Multimedia PCs with MPEG card.
650 _aMotion Picture
700 _aRobbins, Tim
700 _aArquette, Patricia
700 _aIfans, Rhys
700 _aOtto, Mirands
700 _aCondry, Michel
942 _cCF
_2ddc
_hDVD
_mHUMA
999 _c34828
_d34828